The Thief and the Cobbler - Characters by Picture - Statistics

General Stats
  • This quiz has been taken 14 times
  • The average score is 9 of 11
Answer Stats
Picture Answer % Correct
King Nod
100%
Princess Yum-Yum
100%
Tack the Cobbler
100%
The Thief
100%
Zigzag the Grand Vizier
100%
Goblet
80%
Mad and Holy Old Witch
80%
Mighty One-Eye
80%
Chief Roofless
60%
Phido
60%
Princess Yum-Yum's Nurse
60%
No matching quizzes found
Score Distribution
Percent of People with Each Score
Percentile by Number Answered
Your Score History
You have not taken this quiz